Statistics for SAT Words HARD Click Quiz - A #3

Click here to take the quiz!

General Stats

  • This quiz has been taken 128 times
  • The average score is 8 of 15

Answer Stats

HintAnswer% Correct
Keen insight; sharpness of mindAcumen
78%
Concise, pithy statement of a general truth; adageAphorism
71%
CannibalismAnthropophagy
65%
Renounce, reject, abandonAbjure
61%
Abandonment or renunciation of a beliefApostasy
59%
Eternal, everlastingAeonian
57%
Emblematic shield or armour; or, sponsorshipAegis
56%
Contradiction between two laws or beliefsAntinomy
53%
Leave quickly and abruptly; decampAbsquatulate
52%
Subordinate part or accessoryAppurtenance
49%
Declare positively and earnestlyAsseverate
47%
Kindly mentorship or patronageAuspices
42%
Soothing; reducing pain or discomfortAnodyne
41%
Critical or hostile remarkAnimadversion
35%
Statement that can have multiple interpretationsAmphibology
34%

Score Distribution

Percentile by Number Answered

Percent of People with Each Score

Your Score History

You have not taken this quiz